Une lettre suffit pour répondre juste #24 (attention 10 lettres tuent) - Statistiques

Statistiques générales
  • Ce quiz a été pris 51 fois
  • Le résultat moyen est 2 sur 6
Statistiques - réponses
Hint Réponse % Correct
Donne une des 5 lettres du nom de la chanteuse, ici dans le clip de sa chanson "People Help The People"
BIRDY
100%
Donne une des 4 lettres qui complète le nom du film de 2022 en extrait : Le _ _ _ _
MENU
67%
Donne une des 3 lettres du nom de l'impôt en partie proportionnel créé le 18 décembre 1990, qui participe au financement de la sécurité sociale et, depuis 2018, de l’assurance chômage, à la place des cotisations prélevées sur les salaires. CSG
49%
Donne une des 2 premières lettres de l'Etat Américain qui a comme plus grande ville Jacksonville en 2025 FL (Floride)
15%
Donne la lettre qui complète le nom de ce rappeur et acteur américain, pionnier du gangsta rap : Ice-?
T
5%
Donne la lettre qui complète le nom du film en image d'Oliver Stone sorti en 2008 : ?. : L'Improbable Président
W
5%
Aucun quiz correspondant
Distribution des résultats
% des personnes avec chaque résultat
Percentile par nombre de réponses
Votre historique - résultats
Vous n’avez pas pris ce quiz